| 000 | 00516nam a2200181Ia 4500 | ||
|---|---|---|---|
| 999 |
_c29751 _d29751 |
||
| 003 | OSt | ||
| 005 | 20260305124335.0 | ||
| 008 | 190216s9999||||xx |||||||||||||| ||und|| | ||
| 020 | _a9788126419074 | ||
| 040 | _coclc | ||
| 082 |
_a894.812301 _bZAC/E |
||
| 100 | 0 |
_aSakkar̲iya, _d1945- _96653 |
|
| 245 | 0 |
_aEnte Priyapetta Kathakal / _cPaul Zacharia |
|
| 260 |
_bDc Books, _c2010. _aKottayam: |
||
| 300 | _a84p | ||
| 650 | _aKathakal | ||
| 942 |
_cBK _2ddc _h894.812301 _iZAC/E _k894.812301 _mZAC/E |
||